India's muslims: (Record no. 8394)

MARC details
000 -LEADER
fixed length control field 00961 a2200193 4500
010 ## - LCCN (DPL NO)
LC control number ENG-88434
020 ## - INTERNATIONAL STANDARD BOOK NUMBER
International Standard Book Number 9780195691986
Terms of availability 795.00
035 ## - SYSTEM CONTROL NUMBER
System control number EN-71967
037 ## - SOURCE OF ACQUISITION
Source of stock number/acquisition DBAD / PUB
082 14 - DEWEY DECIMAL CLASSIFICATION NUMBER
Classification number 305.6971054
245 1# - TITLE STATEMENT
Title India's muslims:
Remainder of title an omnibus/
260 ## - PUBLICATION, DISTRIBUTION, ETC. (IMPRINT)
Place of publication, distribution, etc New Delhi
Name of publisher, distributor, etc Oxford University Press
Date of publication, distribution, etc 2007
300 ## - PHYSICAL DESCRIPTION
Extent (xvii, xxx, 386p.; xxiii, 271p.; xiii, 383p.)
Dimensions 22cm (Hb )
500 ## - GENERAL NOTE
General note This is an artificial composite book & bounded 3 parts together having their own title & a common title and includes bibliographical references and index
505 ## - FORMATTED CONTENTS NOTE
Formatted contents note Islamic revival in British India: Deoband, 1860-1900 by Barbara Daly Metcalf - The Bengal Muslims, 1876-1901: a quest for identity by Rafiuddin Ahmed - Legacy of a divided nation: India's Muslims since independence by Mushirul Hasan
650 ## - SUBJECT ADDED ENTRY--TOPICAL TERM
Topical term or geographic name as entry element Muslims
General subdivision India
Chronological subdivision Political activity.
650 ## - SUBJECT ADDED ENTRY--TOPICAL TERM
Topical term or geographic name as entry element India
General subdivision Politics and government
942 ## - ADDED ENTRY ELEMENTS (KOHA)
Institution code [OBSOLETE] dpl
Item type English Books
Source of classification or shelving scheme Dewey Decimal Classification
Classification part 305.6971054
Call number suffix IND
Holdings
Withdrawn status Lost status Not for loan Collection code Home library Current library Source of acquisition Cost, normal purchase price Full call number Barcode Copy number Cost, replacement price Koha item type
    Not For Loan Non-fiction D.B.Act.Division D.B.Act.Division DBAD/PUB 795.00 305.6971054 IND EN-71967 1 795.00 English Books

© Delhi Public Library
Hit Counter
free hit counter